000 00879pam a2200289 i 4500
001 10371
003 BD-RjUL
005 20211208234937.0
008 140123s1981 nyua b 001 0 eng
020 _a0471810231
035 _a(BD-RjUL)10419
040 _aDLC
_cDLC
_dDLC
_dBD-RjUL
_beng
041 _aeng
082 0 0 _a546.7
_219
_bSNP 1981
100 1 _aSnell, Foster Dee,
_d1898-
_932065
245 1 0 _aPhotometric and fluorometric methods of analysis, nonmetals /
_cby Foster Dee Snell.
260 _aNew York :
_bWiley,
_cc1981.
300 _axii, 818 p. :
_bill. ;
_c26 cm.
500 _a"A Wiley-Interscience publication."
504 _aIncludes bibliographical references and index.
650 0 _aNonmetals
_xAnalysis.
_932066
650 0 _aPhotometry.
_931384
650 0 _aFluorimetry.
_932067
942 _2ddc
_cBK
999 _c10371
_d10371